000 00719nam a22002057a 4500
003 OSt
005 20260427080803.0
008 260427b |||||||| |||| 00| 0 eng d
020 _a978-971-0326-88-4
040 _aDWCL Main Lib.
_cOC
082 _aFil. 005.1 Ex96 2008
110 _aComputer Assisted Learning Corporation
245 _aExperiencing ICT :
_bbasic programming using visual basic 6 /
_cComputer Assisted Learning Corporation
250 _a2014 edition.
260 _aQuezon City, Philippines :
_bComputer Assisted Learning Corporation,
_cc2008.
300 _a300 pages :
_billustrations ;
_c28cm.
504 _aIncludes appendices.
650 _a1. Computer Programming.
942 _2ddc
_cBK-FIL
_n0
999 _c9958
_d9958